000 00281nam a22001337a 4500
008 170930b xxu||||| |||| 00| 0 eng d
020 _a2900078127594
041 _aeng
080 _a37
100 _a47
101 _aEDU
245 _aTAKING SIDES
_cKATSH, M.E
942 _2udc
_cBK
999 _c30992
_d30992